00697 2200253 4500001002100000005001500021035002000036007000300056008004100059020002200100082001600122084002200138100002200160245005300182260006300235300002600298650001100324650001500335650001400350700001200364700002300376856002800399990001600427INLIS00000000000629720230213110151 a0010-0322000008ta230213 0 ind  a978-979-1116-16-9 a634.773-156 a634.773-156 PRA t1 aPRABAWATI, Sulusi1 aTeknologi Pascapanen dan Pengelolaan Buah Pisang aBogor :bBalai Besar dan Pengembangan Pascapanen Pertanian a54p. :bilus ;c24 cm 4aPisang 4aPascapanen 4aTeknologi0 aSuyanti0 aDondy A. Setyabudi aPerpustakaan BPTP Jatim a00000000925